000 00523nam a2200217Ia 4500
003 OSt
005 20220928135352.0
006 a|||||r|||| 00| 0
007 ta
008 220927b |||||||| |||| 00| 0 eng d
024 _a1596
037 _cTextual
040 _aSDCL
_cSDCL
_beng
041 _2eng
_aeng
082 _aX:51, L0
100 _aOrnstien Edwin J
_9490127
245 0 _aMail order marketing
260 _c1970
942 _hX:51, L0
_cTEXL
_2CC
999 _c805420
_d805420